[Event "European Chess Club Cup 2023"]
[Site "Durres, Albania"]
[Date "2023.10.07"]
[Round "7.67"]
[White "Nagy, Gabor"]
[Black "Kadric, Denis"]
[Result "1/2-1/2"]
[TimeControl "90' + 30' & 30\""]
[WhiteElo "2439"]
[BlackElo "2579"]

1. d4 {[%clk 01:30:53]} {[%emt 00:00:05]} Nf6 {[%clk 01:30:53]} {[%emt
00:00:08]} 2. c4 {[%clk 01:31:02]} {[%emt 00:00:21]} d6 {[%clk 01:31:20]}
{[%emt 00:00:03]} 3. Nc3 {[%clk 01:30:55]} {[%emt 00:00:36]} e5 {[%clk
01:31:41]} {[%emt 00:00:09]} 4. Nf3 {[%clk 01:31:02]} {[%emt 00:00:23]} Nbd7
{[%clk 01:32:09]} {[%emt 00:00:03]} 5. Qc2 {[%clk 01:30:37]} {[%emt 00:00:54]}
c6 {[%clk 01:30:09]} {[%emt 00:02:32]} 6. e4 {[%clk 01:29:33]} {[%emt
00:01:32]} g6 {[%clk 01:30:22]} {[%emt 00:00:18]} 7. Be2 {[%clk 01:29:46]}
{[%emt 00:00:16]} Bg7 {[%clk 01:30:49]} {[%emt 00:00:04]} 8. O-O {[%clk
01:29:37]} {[%emt 00:00:38]} O-O {[%clk 01:31:15]} {[%emt 00:00:05]} 9. Rd1
{[%clk 01:27:57]} {[%emt 00:02:09]} Qe7 {[%clk 01:31:34]} {[%emt 00:00:12]} 10.
dxe5 {[%clk 01:21:41]} {[%emt 00:06:46]} dxe5 {[%clk 01:31:52]} {[%emt
00:00:13]} 11. h3 {[%clk 01:21:59]} {[%emt 00:00:11]} Nh5 {[%clk 01:27:26]}
{[%emt 00:04:56]} 12. Bg5 {[%clk 01:21:04]} {[%emt 00:01:24]} f6 {[%clk
01:24:43]} {[%emt 00:03:14]} 13. Be3 {[%clk 01:21:18]} {[%emt 00:00:16]} f5
{[%clk 01:18:20]} {[%emt 00:06:54]} 14. Rab1 {[%clk 01:09:15]} {[%emt
00:12:32]} f4 {[%clk 01:10:28]} {[%emt 00:08:23]} 15. Bc1 {[%clk 01:09:07]}
{[%emt 00:00:37]} Nc5 {[%clk 01:10:56]} {[%emt 00:00:03]} 16. b4 {[%clk
01:03:34]} {[%emt 00:06:02]} Ne6 {[%clk 01:11:00]} {[%emt 00:00:26]} 17. Na4
{[%clk 01:03:50]} {[%emt 00:00:14]} b6 {[%clk 00:57:49]} {[%emt 00:13:42]} 18.
Rb3 {[%clk 01:00:00]} {[%emt 00:04:19]} c5 {[%clk 00:56:32]} {[%emt 00:01:47]}
19. bxc5 {[%clk 00:58:12]} {[%emt 00:02:19]} Bd7 {[%clk 00:56:23]} {[%emt
00:00:39]} 20. Rbd3 {[%clk 00:52:56]} {[%emt 00:05:45]} Bxa4 {[%clk 00:51:49]}
{[%emt 00:05:04]} 21. Qxa4 {[%clk 00:51:37]} {[%emt 00:01:48]} Nxc5 {[%clk
00:52:18]} {[%emt 00:00:03]} 22. Ba3 {[%clk 00:50:54]} {[%emt 00:01:13]} Nxa4
{[%clk 00:51:05]} {[%emt 00:01:43]} 23. Bxe7 {[%clk 00:49:18]} {[%emt
00:02:04]} Rfe8 {[%clk 00:50:38]} {[%emt 00:00:58]} 24. Ra3 {[%clk 00:42:51]}
{[%emt 00:06:57]} Rxe7 {[%clk 00:51:01]} {[%emt 00:00:08]} 25. Rxa4 {[%clk
00:43:14]} {[%emt 00:00:07]} Nf6 {[%clk 00:48:50]} {[%emt 00:02:41]} 26. c5
{[%clk 00:42:48]} {[%emt 00:00:55]} bxc5 {[%clk 00:49:18]} {[%emt 00:00:03]} 27.
Rd6 {[%clk 00:43:09]} {[%emt 00:00:08]} Rb8 {[%clk 00:41:54]} {[%emt 00:07:55]}
28. Bc4+ {[%clk 00:42:15]} {[%emt 00:01:23]} Kh8 {[%clk 00:42:22]} {[%emt
00:00:02]} 29. Nd2 {[%clk 00:40:57]} {[%emt 00:01:47]} h6 {[%clk 00:33:18]}
{[%emt 00:09:35]} 30. Raa6 {[%clk 00:38:42]} {[%emt 00:02:44]} Rb2 {[%clk
00:17:44]} {[%emt 00:16:05]} 1/2-1/2

[Event "European Chess Club Cup 2023"]
[Site "Durres, Albania"]
[Date "2023.10.07"]
[Round "7.68"]
[White "Petrov, Nikita"]
[Black "Galyas, Miklos"]
[Result "1-0"]
[TimeControl "90' + 30' & 30\""]
[WhiteElo "2551"]
[BlackElo "2467"]

1. d4 {[%clk 01:30:57]} {[%emt 00:00:02]} d5 {[%clk 01:30:53]} {[%emt
00:00:08]} 2. c4 {[%clk 01:31:06]} {[%emt 00:00:20]} e6 {[%clk 01:31:15]}
{[%emt 00:00:08]} 3. Nf3 {[%clk 01:30:49]} {[%emt 00:00:47]} a6 {[%clk
01:31:34]} {[%emt 00:00:11]} 4. cxd5 {[%clk 01:30:21]} {[%emt 00:00:58]} exd5
{[%clk 01:31:57]} {[%emt 00:00:07]} 5. Nc3 {[%clk 01:30:44]} {[%emt 00:00:07]}
h6 {[%clk 01:32:19]} {[%emt 00:00:09]} 6. Bf4 {[%clk 01:29:50]} {[%emt
00:01:24]} Nf6 {[%clk 01:32:38]} {[%emt 00:00:15]} 7. e3 {[%clk 01:29:06]}
{[%emt 00:01:09]} Bd6 {[%clk 01:32:59]} {[%emt 00:00:09]} 8. Be5 {[%clk
01:28:51]} {[%emt 00:00:45]} c6 {[%clk 01:32:41]} {[%emt 00:00:47]} 9. Bd3
{[%clk 01:28:15]} {[%emt 00:01:07]} O-O {[%clk 01:32:49]} {[%emt 00:00:22]} 10.
O-O {[%clk 01:27:58]} {[%emt 00:00:47]} Re8 {[%clk 01:32:35]} {[%emt 00:00:43]}
11. Bxf6 {[%clk 01:25:58]} {[%emt 00:02:31]} Qxf6 {[%clk 01:32:56]} {[%emt
00:00:08]} 12. e4 {[%clk 01:26:25]} {[%emt 00:00:04]} dxe4 {[%clk 01:14:47]}
{[%emt 00:18:39]} 13. Nxe4 {[%clk 01:26:48]} {[%emt 00:00:07]} Qd8 {[%clk
01:10:12]} {[%emt 00:05:05]} 14. Qb3 {[%clk 01:27:09]} {[%emt 00:00:09]} Re7
{[%clk 00:58:30]} {[%emt 00:12:12]} 15. Rae1 {[%clk 01:16:42]} {[%emt
00:10:57]} Be6 {[%clk 00:55:56]} {[%emt 00:03:04]} 16. Bc4 {[%clk 01:16:54]}
{[%emt 00:00:18]} Bxc4 {[%clk 00:54:32]} {[%emt 00:01:54]} 17. Qxc4 {[%clk
01:16:56]} {[%emt 00:00:27]} b5 {[%clk 00:52:31]} {[%emt 00:02:31]} 18. Qc3
{[%clk 01:06:35]} {[%emt 00:10:52]} Raa7 {[%clk 00:49:21]} {[%emt 00:03:40]} 19.
Ne5 {[%clk 01:00:58]} {[%emt 00:06:07]} Bc7 {[%clk 00:28:11]} {[%emt 00:21:40]}
20. Ng3 {[%clk 00:41:57]} {[%emt 00:19:32]} Re6 {[%clk 00:26:37]} {[%emt
00:02:03]} 21. Qf3 {[%clk 00:32:51]} {[%emt 00:09:36]} Bxe5 {[%clk 00:19:54]}
{[%emt 00:07:13]} 22. dxe5 {[%clk 00:32:38]} {[%emt 00:00:44]} Nd7 {[%clk
00:18:04]} {[%emt 00:02:20]} 23. Qc3 {[%clk 00:24:41]} {[%emt 00:08:26]} Nb6
{[%clk 00:16:37]} {[%emt 00:01:57]} 24. f4 {[%clk 00:20:50]} {[%emt 00:04:22]}
Nd5 {[%clk 00:15:30]} {[%emt 00:01:36]} 25. Qc5 {[%clk 00:16:45]} {[%emt
00:04:35]} Qb6 {[%clk 00:14:48]} {[%emt 00:01:12]} 26. Ne4 {[%clk 00:16:14]}
{[%emt 00:01:02]} Ree7 {[%clk 00:10:41]} {[%emt 00:04:36]} 27. Qxb6 {[%clk
00:12:05]} {[%emt 00:04:39]} Nxb6 {[%clk 00:11:09]} {[%emt 00:00:02]} 28. Rc1
{[%clk 00:11:26]} {[%emt 00:01:08]} Rac7 {[%clk 00:11:04]} {[%emt 00:00:36]} 29.
Nc5 {[%clk 00:10:50]} {[%emt 00:01:06]} a5 {[%clk 00:11:17]} {[%emt 00:00:17]}
30. Rfd1 {[%clk 00:09:52]} {[%emt 00:01:28]} g5 {[%clk 00:09:22]} {[%emt
00:02:25]} 31. g3 {[%clk 00:10:01]} {[%emt 00:00:21]} gxf4 {[%clk 00:09:34]}
{[%emt 00:00:17]} 32. gxf4 {[%clk 00:10:26]} {[%emt 00:00:05]} Nd5 {[%clk
00:08:51]} {[%emt 00:01:13]} 33. Rd4 {[%clk 00:09:49]} {[%emt 00:01:07]} f6
{[%clk 00:06:54]} {[%emt 00:02:28]} 34. e6 {[%clk 00:08:52]} {[%emt 00:01:28]}
Rg7+ {[%clk 00:07:03]} {[%emt 00:00:20]} 35. Kf2 {[%clk 00:08:40]} {[%emt
00:00:41]} Rce7 {[%clk 00:05:10]} {[%emt 00:02:24]} 36. Kf3 {[%clk 00:06:10]}
{[%emt 00:03:00]} f5 {[%clk 00:05:09]} {[%emt 00:00:31]} 37. Re1 {[%clk
00:05:55]} {[%emt 00:00:44]} Rg6 {[%clk 00:04:31]} {[%emt 00:01:09]} 38. Re5
{[%clk 00:05:20]} {[%emt 00:01:06]} Rf6 {[%clk 00:04:10]} {[%emt 00:00:50]} 39.
Rd2 {[%clk 00:02:15]} {[%emt 00:03:34]} a4 {[%clk 00:04:04]} {[%emt 00:00:37]}
40. Rg2+ {[%clk 00:02:30]} {[%emt 00:00:15]} Kh7 {[%clk 00:04:21]} {[%emt
00:00:13]} 41. Nd7 {[%clk 00:01:08]} {[%emt 00:01:52]} 1-0

[Event "European Chess Club Cup 2023"]
[Site "Durres, Albania"]
[Date "2023.10.07"]
[Round "7.69"]
[White "Berczes, David"]
[Black "Draskovic, Luka"]
[Result "1/2-1/2"]
[TimeControl "90' + 30' & 30\""]
[WhiteElo "2445"]
[BlackElo "2481"]

1. d4 {[%clk 01:30:52]} {[%emt 00:00:07]} d6 {[%clk 01:30:53]} {[%emt
00:00:07]} 2. Nf3 {[%clk 01:30:28]} {[%emt 00:00:54]} Nf6 {[%clk 01:31:16]}
{[%emt 00:00:07]} 3. c4 {[%clk 01:30:43]} {[%emt 00:00:16]} g6 {[%clk
01:31:10]} {[%emt 00:00:36]} 4. Nc3 {[%clk 01:28:13]} {[%emt 00:03:00]} Bg7
{[%clk 01:31:01]} {[%emt 00:00:39]} 5. e4 {[%clk 01:27:48]} {[%emt 00:00:55]}
O-O {[%clk 01:30:30]} {[%emt 00:01:00]} 6. Be2 {[%clk 01:28:14]} {[%emt
00:00:04]} e5 {[%clk 01:30:36]} {[%emt 00:00:24]} 7. O-O {[%clk 01:27:59]}
{[%emt 00:00:45]} Na6 {[%clk 01:30:13]} {[%emt 00:00:53]} 8. Bg5 {[%clk
01:27:49]} {[%emt 00:00:40]} h6 {[%clk 01:19:57]} {[%emt 00:10:46]} 9. Be3
{[%clk 01:25:10]} {[%emt 00:03:09]} Ng4 {[%clk 01:05:05]} {[%emt 00:15:22]} 10.
Bc1 {[%clk 01:24:22]} {[%emt 00:01:18]} Re8 {[%clk 00:59:06]} {[%emt 00:06:29]}
11. d5 {[%clk 01:08:19]} {[%emt 00:16:33]} f5 {[%clk 00:49:41]} {[%emt
00:09:55]} 12. exf5 {[%clk 00:51:27]} {[%emt 00:17:22]} gxf5 {[%clk 00:48:17]}
{[%emt 00:01:54]} 13. g3 {[%clk 00:45:02]} {[%emt 00:06:56]} Nc5 {[%clk
00:43:04]} {[%emt 00:05:42]} 14. Nh4 {[%clk 00:42:18]} {[%emt 00:03:14]} e4
{[%clk 00:34:05]} {[%emt 00:09:29]} 15. Bf4 {[%clk 00:28:13]} {[%emt 00:14:35]}
Ne5 {[%clk 00:29:18]} {[%emt 00:05:17]} 16. Qd2 {[%clk 00:19:13]} {[%emt
00:09:31]} Kh7 {[%clk 00:20:18]} {[%emt 00:09:29]} 17. f3 {[%clk 00:14:18]}
{[%emt 00:05:25]} exf3 {[%clk 00:16:45]} {[%emt 00:04:03]} 18. Nxf3 {[%clk
00:14:41]} {[%emt 00:00:07]} Ng6 {[%clk 00:14:23]} {[%emt 00:02:52]} 19. Be3
{[%clk 00:10:06]} {[%emt 00:05:05]} Bd7 {[%clk 00:07:18]} {[%emt 00:07:35]} 20.
Bd4 {[%clk 00:08:56]} {[%emt 00:01:41]} Qe7 {[%clk 00:06:26]} {[%emt 00:01:22]}
21. Rae1 {[%clk 00:07:58]} {[%emt 00:01:27]} Ne4 {[%clk 00:04:55]} {[%emt
00:02:01]} 22. Nxe4 {[%clk 00:07:22]} {[%emt 00:01:07]} fxe4 {[%clk 00:05:23]}
{[%emt 00:00:02]} 23. Bd3 {[%clk 00:04:09]} {[%emt 00:03:42]} Bf5 {[%clk
00:03:06]} {[%emt 00:02:47]} 24. Bc2 {[%clk 00:04:08]} {[%emt 00:00:31]} Kg8
{[%clk 00:01:47]} {[%emt 00:01:49]} 25. Bxg7 {[%clk 00:01:52]} {[%emt
00:02:46]} Qxg7 {[%clk 00:02:15]} {[%emt 00:00:02]} 26. Nd4 {[%clk 00:02:15]}
{[%emt 00:00:07]} Bh3 {[%clk 00:02:42]} {[%emt 00:00:03]} 27. Ne6 {[%clk
00:00:34]} {[%emt 00:02:12]} Bxe6 {[%clk 00:01:26]} {[%emt 00:01:46]} 28. dxe6
{[%clk 00:01:03]} Rxe6 {[%clk 00:01:33]} {[%emt 00:00:23]} 29. Bxe4 {[%clk
00:01:25]} {[%emt 00:00:08]} Kh8 {[%clk 00:01:42]} {[%emt 00:00:20]} 30. Bxb7
{[%clk 00:00:51]} {[%emt 00:01:05]} Rxe1 {[%clk 00:02:06]} {[%emt 00:00:05]} 31.
Rxe1 {[%clk 00:00:52]} {[%emt 00:00:29]} Rb8 {[%clk 00:02:35]} {[%emt
00:00:01]} 32. Bd5 {[%clk 00:00:40]} {[%emt 00:00:42]} Ne5 {[%clk 00:02:47]}
{[%emt 00:00:17]} 33. b3 {[%clk 00:00:40]} {[%emt 00:00:31]} Rf8 {[%clk
00:02:31]} {[%emt 00:00:45]} 34. Rf1 {[%clk 00:00:42]} {[%emt 00:00:29]} Rxf1+
{[%clk 00:02:34]} {[%emt 00:00:27]} 35. Kxf1 {[%clk 00:01:11]} {[%emt
00:00:01]} Qg6 {[%clk 00:02:46]} {[%emt 00:00:18]} 36. Qe2 {[%clk 00:00:35]}
{[%emt 00:01:07]} Kg7 {[%clk 00:01:47]} {[%emt 00:01:28]} 37. Be4 {[%clk
00:00:35]} {[%emt 00:00:31]} Qg5 {[%clk 00:02:03]} {[%emt 00:00:13]} 38. Kg2
{[%clk 00:00:51]} {[%emt 00:00:14]} Qc1 {[%clk 00:01:02]} {[%emt 00:01:31]} 39.
h3 {[%clk 00:00:59]} {[%emt 00:00:22]} a5 {[%clk 00:01:22]} {[%emt 00:00:10]}
40. Qf2 {[%clk 00:00:49]} {[%emt 00:00:41]} Qc3 {[%clk 00:00:48]} {[%emt
00:01:03]} 41. Qe2 {[%clk 00:16:13]} {[%emt 00:15:06]} Qd4 {[%clk 00:29:10]}
{[%emt 00:02:08]} 42. h4 {[%clk 00:09:56]} {[%emt 00:06:47]} Kh8 {[%clk
00:24:07]} {[%emt 00:05:33]} 43. Bd5 {[%clk 00:06:41]} {[%emt 00:03:45]}
1/2-1/2

[Event "European Chess Club Cup 2023"]
[Site "Durres, Albania"]
[Date "2023.10.07"]
[Round "7.70"]
[White "Tomic, Aleksandar"]
[Black "Glek, Igor"]
[Result "1/2-1/2"]
[TimeControl "90' + 30' & 30\""]
[WhiteElo "2405"]
[BlackElo "2429"]

1. c4 {[%clk 01:30:51]} {[%emt 00:00:07]} f5 {[%clk 01:30:00]} {[%emt
00:01:01]} 2. g3 {[%clk 01:30:20]} {[%emt 00:01:01]} Nf6 {[%clk 01:30:23]}
{[%emt 00:00:07]} 3. Bg2 {[%clk 01:30:12]} {[%emt 00:00:37]} g6 {[%clk
01:30:47]} {[%emt 00:00:07]} 4. b3 {[%clk 01:24:48]} {[%emt 00:05:54]} Bg7
{[%clk 01:27:15]} {[%emt 00:04:02]} 5. Bb2 {[%clk 01:25:02]} {[%emt 00:00:16]}
d6 {[%clk 01:26:29]} {[%emt 00:01:16]} 6. d4 {[%clk 01:24:21]} {[%emt
00:01:11]} O-O {[%clk 01:26:11]} {[%emt 00:00:47]} 7. Nh3 {[%clk 01:23:06]}
{[%emt 00:01:46]} c6 {[%clk 01:18:44]} {[%emt 00:07:57]} 8. O-O {[%clk
01:22:07]} {[%emt 00:01:28]} e5 {[%clk 01:04:09]} {[%emt 00:15:06]} 9. dxe5
{[%clk 01:15:34]} {[%emt 00:07:03]} Ng4 {[%clk 01:04:26]} {[%emt 00:00:13]} 10.
Qc2 {[%clk 01:08:28]} {[%emt 00:07:36]} dxe5 {[%clk 01:04:48]} {[%emt
00:00:09]} 11. Rd1 {[%clk 01:07:52]} {[%emt 00:01:05]} Qf6 {[%clk 01:04:19]}
{[%emt 00:00:59]} 12. Nc3 {[%clk 01:03:06]} {[%emt 00:05:17]} Na6 {[%clk
01:00:02]} {[%emt 00:04:46]} 13. Na4 {[%clk 01:00:10]} {[%emt 00:03:25]} Qe7
{[%clk 00:49:14]} {[%emt 00:11:19]} 14. c5 {[%clk 00:50:01]} {[%emt 00:10:40]}
Be6 {[%clk 00:41:38]} {[%emt 00:08:05]} 15. Rd6 {[%clk 00:48:36]} {[%emt
00:01:55]} Nc7 {[%clk 00:38:19]} {[%emt 00:03:49]} 16. Rad1 {[%clk 00:46:23]}
{[%emt 00:02:43]} Nb5 {[%clk 00:36:49]} {[%emt 00:02:01]} 17. Qd2 {[%clk
00:44:16]} {[%emt 00:02:36]} Bh6 {[%clk 00:29:38]} {[%emt 00:07:41]} 18. e3
{[%clk 00:41:17]} {[%emt 00:03:29]} Rae8 {[%clk 00:26:39]} {[%emt 00:03:29]} 19.
f4 {[%clk 00:18:38]} {[%emt 00:23:09]} exf4 {[%clk 00:18:28]} {[%emt 00:08:41]}
20. exf4 {[%clk 00:13:01]} {[%emt 00:06:07]} Bf7 {[%clk 00:14:11]} {[%emt
00:04:47]} 21. Rd7 {[%clk 00:07:40]} {[%emt 00:05:51]} Qe3+ {[%clk 00:13:22]}
{[%emt 00:01:19]} 22. Qxe3 {[%clk 00:07:10]} {[%emt 00:01:01]} Nxe3 {[%clk
00:13:44]} {[%emt 00:00:08]} 23. R1d2 {[%clk 00:06:57]} {[%emt 00:00:42]} Nxg2
{[%clk 00:12:18]} {[%emt 00:01:55]} 24. Kxg2 {[%clk 00:06:51]} {[%emt
00:00:37]} Bd5+ {[%clk 00:12:44]} {[%emt 00:00:05]} 25. Kf2 {[%clk 00:05:59]}
{[%emt 00:01:21]} Rf7 {[%clk 00:13:11]} {[%emt 00:00:03]} 26. Rxf7 {[%clk
00:05:50]} {[%emt 00:00:39]} Kxf7 {[%clk 00:13:39]} {[%emt 00:00:01]} 27. Re2
{[%clk 00:05:15]} {[%emt 00:01:05]} Rxe2+ {[%clk 00:10:59]} {[%emt 00:03:11]}
28. Kxe2 {[%clk 00:05:44]} {[%emt 00:00:01]} Be4 {[%clk 00:10:46]} {[%emt
00:00:44]} 29. Nc3 {[%clk 00:04:16]} {[%emt 00:01:57]} Nxc3+ {[%clk 00:09:46]}
{[%emt 00:01:30]} 30. Bxc3 {[%clk 00:04:45]} {[%emt 00:00:01]} Ke6 {[%clk
00:09:38]} {[%emt 00:00:38]} 31. Ng5+ {[%clk 00:03:47]} {[%emt 00:01:29]} Bxg5
{[%clk 00:08:08]} {[%emt 00:02:00]} 32. fxg5 {[%clk 00:04:11]} {[%emt
00:00:05]} Kd5 {[%clk 00:08:36]} {[%emt 00:00:02]} 33. b4 {[%clk 00:04:08]}
{[%emt 00:00:33]} Kc4 {[%clk 00:08:52]} {[%emt 00:00:14]} 34. Bd2 {[%clk
00:03:58]} {[%emt 00:00:39]} Bb1 {[%clk 00:08:32]} {[%emt 00:00:51]} 35. a3
{[%clk 00:04:13]} {[%emt 00:00:15]} Kb3 {[%clk 00:06:59]} {[%emt 00:02:02]} 36.
Bc1 {[%clk 00:03:14]} {[%emt 00:01:29]} Kc4 {[%clk 00:02:24]} {[%emt 00:04:28]}
1/2-1/2

[Event "European Chess Club Cup 2023"]
[Site "Durres, Albania"]
[Date "2023.10.07"]
[Round "7.71"]
[White "Coenen, Norbert"]
[Black "Djurovic, Peko"]
[Result "0-1"]
[TimeControl "90' + 30' & 30\""]
[WhiteElo "2249"]
[BlackElo "2327"]

1. e4 {[%clk 01:30:56]} {[%emt 00:00:02]} c5 {[%clk 01:30:44]} {[%emt
00:00:18]} 2. Nf3 {[%clk 01:31:17]} {[%emt 00:00:08]} Nc6 {[%clk 01:30:54]}
{[%emt 00:00:20]} 3. Bb5 {[%clk 01:31:24]} {[%emt 00:00:23]} g6 {[%clk
01:30:52]} {[%emt 00:00:33]} 4. Bxc6 {[%clk 01:31:21]} {[%emt 00:00:32]} dxc6
{[%clk 01:31:20]} {[%emt 00:00:02]} 5. h3 {[%clk 01:31:29]} {[%emt 00:00:21]}
Bg7 {[%clk 01:31:15]} {[%emt 00:00:36]} 6. d3 {[%clk 01:31:43]} {[%emt
00:00:16]} Nf6 {[%clk 01:31:10]} {[%emt 00:00:35]} 7. Be3 {[%clk 01:31:56]}
{[%emt 00:00:17]} Nxe4 {[%clk 01:29:05]} {[%emt 00:02:36]} 8. c3 {[%clk
01:26:36]} {[%emt 00:05:49]} Nf6 {[%clk 01:21:14]} {[%emt 00:08:21]} 9. Bxc5
{[%clk 01:26:41]} {[%emt 00:00:25]} Bf5 {[%clk 01:19:44]} {[%emt 00:02:01]} 10.
Nd4 {[%clk 01:18:04]} {[%emt 00:09:06]} Qd5 {[%clk 01:15:50]} {[%emt 00:04:24]}
11. Nxf5 {[%clk 01:17:40]} {[%emt 00:00:53]} gxf5 {[%clk 01:15:50]} {[%emt
00:00:32]} 12. Bd4 {[%clk 01:12:07]} {[%emt 00:06:02]} e5 {[%clk 01:13:50]}
{[%emt 00:02:30]} 13. Qe2 {[%clk 01:10:54]} {[%emt 00:01:43]} O-O-O {[%clk
01:12:47]} {[%emt 00:01:33]} 14. Bxe5 {[%clk 01:07:26]} {[%emt 00:03:58]} Qxg2
{[%clk 01:06:08]} {[%emt 00:07:09]} 15. Qf1 {[%clk 01:00:59]} {[%emt 00:06:57]}
Qxf1+ {[%clk 00:58:39]} {[%emt 00:07:59]} 16. Kxf1 {[%clk 01:01:07]} {[%emt
00:00:22]} Rxd3 {[%clk 00:58:45]} {[%emt 00:00:24]} 17. Na3 {[%clk 01:00:21]}
{[%emt 00:01:17]} Re8 {[%clk 00:37:30]} {[%emt 00:21:45]} 18. Nc4 {[%clk
00:55:49]} {[%emt 00:05:01]} Re6 {[%clk 00:36:25]} {[%emt 00:01:35]} 19. Bd4
{[%clk 00:41:53]} {[%emt 00:14:26]} c5 {[%clk 00:26:50]} {[%emt 00:10:05]} 20.
Bxc5 {[%clk 00:39:06]} {[%emt 00:03:17]} Ne4 {[%clk 00:27:04]} {[%emt
00:00:17]} 21. Bxa7 {[%clk 00:36:15]} {[%emt 00:03:19]} b5 {[%clk 00:25:40]}
{[%emt 00:01:55]} 22. Ne3 {[%clk 00:32:55]} {[%emt 00:03:49]} Kb7 {[%clk
00:24:42]} {[%emt 00:01:29]} 23. Rg1 {[%clk 00:31:49]} {[%emt 00:01:35]} Bf6
{[%clk 00:23:18]} {[%emt 00:01:56]} 24. Bd4 {[%clk 00:31:18]} {[%emt 00:01:00]}
Bxd4 {[%clk 00:23:41]} {[%emt 00:00:08]} 25. cxd4 {[%clk 00:31:35]} {[%emt
00:00:13]} f4 {[%clk 00:20:26]} {[%emt 00:03:45]} 26. Rd1 {[%clk 00:27:21]}
{[%emt 00:04:43]} Rd2 {[%clk 00:15:50]} {[%emt 00:05:06]} 27. Rxd2 {[%clk
00:20:40]} {[%emt 00:07:11]} Nxd2+ {[%clk 00:16:18]} {[%emt 00:00:02]} 28. Ke2
{[%clk 00:20:44]} {[%emt 00:00:26]} fxe3 {[%clk 00:16:41]} {[%emt 00:00:08]} 29.
Rg7 {[%clk 00:19:32]} {[%emt 00:01:42]} exf2+ {[%clk 00:15:15]} {[%emt
00:01:55]} 30. Kxf2 {[%clk 00:19:54]} {[%emt 00:00:08]} Ne4+ {[%clk 00:12:04]}
{[%emt 00:03:41]} 31. Kf3 {[%clk 00:19:40]} {[%emt 00:00:44]} Kc6 {[%clk
00:08:01]} {[%emt 00:04:33]} 32. h4 {[%clk 00:19:21]} {[%emt 00:00:49]} Kd5
{[%clk 00:08:23]} {[%emt 00:00:09]} 33. Rxh7 {[%clk 00:19:31]} {[%emt
00:00:19]} Rf6+ {[%clk 00:08:25]} {[%emt 00:00:28]} 34. Ke3 {[%clk 00:19:42]}
{[%emt 00:00:19]} Nd6 {[%clk 00:08:49]} {[%emt 00:00:06]} 35. Rh5+ {[%clk
00:19:11]} {[%emt 00:00:59]} Rf5 {[%clk 00:07:53]} {[%emt 00:01:28]} 36. Rh8
{[%clk 00:19:34]} {[%emt 00:00:06]} Nc4+ {[%clk 00:07:59]} {[%emt 00:00:25]} 37.
Kd3 {[%clk 00:19:54]} {[%emt 00:00:09]} Nxb2+ {[%clk 00:03:44]} {[%emt
00:04:47]} 38. Kc3 {[%clk 00:20:15]} {[%emt 00:00:07]} Nc4 {[%clk 00:01:59]}
{[%emt 00:02:15]} 39. h5 {[%clk 00:18:18]} {[%emt 00:02:27]} Nd6 {[%clk
00:01:40]} {[%emt 00:00:50]} 40. h6 {[%clk 00:18:26]} {[%emt 00:00:21]} Rh5
{[%clk 00:01:51]} {[%emt 00:00:20]} 41. Kb4 {[%clk 00:14:31]} {[%emt 00:04:24]}
Kxd4 {[%clk 00:01:10]} {[%emt 00:01:12]} 42. h7 {[%clk 00:14:39]} {[%emt
00:00:21]} Kd5 {[%clk 00:01:21]} {[%emt 00:00:19]} 43. Ka5 {[%clk 00:14:26]}
{[%emt 00:00:44]} f5 {[%clk 00:29:38]} {[%emt 00:02:13]} 44. Kb6 {[%clk
00:44:43]} {[%emt 00:00:13]} Nf7 {[%clk 00:29:12]} {[%emt 00:00:56]} 45. Rg8
{[%clk 00:44:33]} {[%emt 00:00:40]} Rxh7 {[%clk 00:29:33]} {[%emt 00:00:09]} 46.
Kxb5 {[%clk 00:44:58]} {[%emt 00:00:05]} f4 {[%clk 00:29:24]} {[%emt 00:00:40]}
47. a4 {[%clk 00:43:53]} {[%emt 00:01:34]} f3 {[%clk 00:29:47]} {[%emt
00:00:07]} 48. Rg1 {[%clk 00:43:42]} {[%emt 00:00:41]} Nd6+ {[%clk 00:30:10]}
{[%emt 00:00:07]} 0-1